00560nam a22001457a 4500008004100000040005500041080002200096245013600118260006700254300001600321650001300337653001900350700002000369700002500389230427b |||||||| |||| 00| 0 eng d aNational Science LibrarycNational Science Library a504.06(082.2)bP6 aProceedings of national conference on environmental conservation September 1-3, 2006c/ Birla Institute of Technology and Science  aRajasthan: bBirla Institute of Technology and Science, c2006 axvi, 802p.  aScience  aEnvironmental  aBabu, B V (Ed.) aRamakrishna, V (Ed.)